000 01912cam a22001814a 4500
999 _c1956
_d1956
020 _a0131435825
050 0 0 _aHB172.5
_b.F76
100 1 _aFroyen, Richard T.
245 1 0 _aMacroeconomics :
_btheories and policies /
_cRichard T. Froyen.
250 _a8th ed.
260 _aUpper Saddle River, N.J. :
_bPearson/Prentice Hall,
_c2005.
300 _axx, 508 p. :
_bill. ;
_c25 cm.
500 _aIncludes Index
505 _aPart I: INTRODUCTION AND MEASUREMENT Chapter 1: Introduction Chapter 2: Measurement of Macroeconomic Variables Part II: CLASSICAL ECONOMICS AND THE KEYNESIAN REVOLUTION Chapter 3: Classical Macroeconomics (I): Equilibrium Output and Employment Chapter 4: Classical Macroeconomics (II): Money, Prices and Interest Chapter 5: The Theory of Economic Growth Chapter 6: The Keynesian System (I): The Role of Aggregate Demand Chapter 7: The Keynesian System (II): Money, Interest and Income Chapter 8: The Keynesian System (III): Policy Effects in the IS-LM Model Chapter 9: The Keynesian System (IV): Aggregate Supply and Demand Part III: MACROECONOMIC THEORY AFTER KEYNES Chapter 10: The Monetarist Counterrevolution Chapter 11: Output, Inflation and Unemployment: Alternative Views Chapter 12: New Classical Economics Chapter 13: Real Business Cycles and New Keynesian Economics Chapter 14: Macroeconomic Models: A Summary Part IV: OPEN ECONOMY MACROECONOMICS Chapter 15: Exchange Rates and the International Monetary System Chapter 16: Monetary and Fiscal Policy in the Open Economy Part V: ECONOMIC POLICY Part 17: The Money Supply and the Banking System Part 18: Monetary Policy Chapter 19: Fiscal Stabilization Policy Chapter 20: Supply-Side Economics Part VI: MICROECONOMIC FOUNDATIONS Chapter 20: Consumption and Investment Chapter 21: Money Demand.
650 0 _aMacroeconomics.
650 0 _aKeynesian economics.
942 _cBK